000 01160nam0a22002291 4500
001 rc\2753413
005 20260407141821.0
035 _a(NLR Aleph) 006880246
090 _a7039574
_c7039574
100 _a20110915d1939 |||y0rusy50 ca
101 0 _arus
102 _aRU
105 _ay gj |||||
200 1 _aСправочник для поступающих в заочные отделения высших учебных заведений Наркомсовхозов СССР на 1939/40 учебный год
_e1. Заоч. вуз. 2. Курсы подготовки в вуз. 3. Курсы повышения квалификации специалистов сел. хоз-ва
_fНКСХ СССР, Гл. упр. учеб. заведениями, Центр. бюро повышения квалификации и заоч. обуч.
210 _aМосква
_cБ. и.
_d1939
215 _a16 с., без обл.
_d21 см.
710 0 1 _aСССР
_bГлавное упр. мясосовхозов
_3RU\NLR\AUTH\8810010551
_9518764
801 0 _aRU
_bNLR
_gpsbo
801 1 _aRU
_bELAR
_2rusmarc
852 _aNLR
_j39-10/2081
942 _cBOOK
980 _aNB